000 00680nam a22001937a 4500
003 OSt
008 260626b |||||||| |||| 00| 0 eng d
082 _a631.41
_bM39T
245 _aTechnological advances in enhancing productivity of salt affected soils/ edited by P. Masilamani, K. Arulmozhiselvan and P. Balasubramaniam
260 _aDelhi :
_bToday & Tomorrow Printers and Publishers,
_c2020.
300 _a516 p.
650 _aTechnology (Applied Sciences)
650 _aAgriculture and related technologies
650 _aSaline and Alkaline soils
700 _aMasilamani, P.
700 _aArulmozhiselvan , K.
700 _aBalasubramaniam, P.
942 _2ddc
_cBK
999 _c52355
_d52355